| 000 | 01341nam a22003497a 4500 | ||
|---|---|---|---|
| 003 | CHAP | ||
| 005 | 20220329140700.0 | ||
| 008 | 971013s1983 r 00010 d | ||
| 010 | _a55974 | ||
| 011 | _a56946 | ||
| 035 | _a61099 | ||
| 040 | _cCHAP | ||
| 082 |
_a338.17374 _bS2 |
||
| 100 | 0 | 0 |
_aScherr, Sara J. _9102976 |
| 245 | _aResolving the agriculture-petrolium conflict the experience of cacao smallholders in Mexico | ||
| 260 |
_aIthaca, New York : _bCornell University. New York State College of Agriculture and Life Sciences, _c1983 |
||
| 300 |
_a236 p. _b: mapas ; gráfs. |
||
| 490 |
_aCornell International Agricultura Economics Study A.E. Research _v; 83-84 |
||
| 590 |
_aBATCH-UPD _b10 _c20130110 _lUCH01 _h0214 |
||
| 590 |
_aBATCH-UPD _b10 _c20130110 _lUCH01 _h1724 |
||
| 590 |
_aBATCH-UPD _b10 _c20130409 _lUCH01 _h2231 |
||
| 590 |
_aBATCH-UPD _b10 _c20130410 _lUCH01 _h1106 |
||
| 590 |
_aBATCH-UPD _b10 _c20130914 _lUCH01 _h0804 |
||
| 590 |
_aCONVERSION _b10 _c20130109 _lUCH01 _h1330 |
||
| 650 | 1 | 4 |
_aCacao _xAspectos económicos _xTabasco. _916927 |
| 650 | 1 | 4 |
_aCacao _xTabasco. _916973 |
| 650 | 1 | 4 |
_aPetróleo _xTabasco. _987676 |
| 830 | 0 |
_aCornell International Agricultura Economics Study A.E. Research _v; 83-84 _928045 |
|
| 901 | _aBK | ||
| 942 | _cLIBRO | ||
| 949 |
_a338.17374 S2 _bBC _cLIBRO _d33724000117586 _eLIBRO _i61099 _si |
||
| 999 |
_c55974 _d55974 |
||